| 000 | 00438pam a2200169 i 4500 | ||
|---|---|---|---|
| 020 | _a0030446317 | ||
| 040 | _cDLC | ||
| 082 | 0 | 0 | _a501 HOL 1979 A030 Or. |
| 100 | 1 | _aGiere, Ronald N. | |
| 245 | 1 | 0 | _aUnderstanding scientific reasoning / |
| 260 |
_aNew York : _bHolt, Rinehart and Winston, _cc1979. |
||
| 300 |
_axii, 371 p. ; _bill. ; _c24 cm. |
||
| 500 | _aIncludes index. | ||
| 650 | 0 | _aScience | |
| 650 | 0 | _aReasoning. | |
| 942 | _cEK | ||
| 999 |
_c11699 _d11699 |
||